Welcome to CU Library Online Public Access Catalogue (OPAC)

Rosemarie Parse : (Record no. 7932)

MARC details
000 -LEADER
fixed length control field 00960pam a2200277 a 4500
001 - CONTROL NUMBER
control field 2506745
005 - DATE AND TIME OF LATEST TRANSACTION
control field 20251030102550.0
008 - FIXED-LENGTH DATA ELEMENTS--GENERAL INFORMATION
fixed length control field 920925s1993 caua b 000 0deng c
020 ## - INTERNATIONAL STANDARD BOOK NUMBER
International Standard Book Number 080394795X
Qualifying information cl.
020 ## - INTERNATIONAL STANDARD BOOK NUMBER
International Standard Book Number 0803945493
Qualifying information pbk.
020 ## - INTERNATIONAL STANDARD BOOK NUMBER
International Standard Book Number 9780803945494
Qualifying information (pbk.)
050 00 - LIBRARY OF CONGRESS CALL NUMBER
Classification number RT84.5
Item number .B85 1993
082 00 - DEWEY DECIMAL CLASSIFICATION NUMBER
Classification number 610.73
Edition information 20
100 1# - MAIN ENTRY--PERSONAL NAME
Personal name Bunting, Sheila.
245 10 - TITLE STATEMENT
Title Rosemarie Parse :
Remainder of title theory of health as human becoming /
Statement of responsibility, etc. Sheila Bunting.
260 ## - PUBLICATION, DISTRIBUTION, ETC.
Place of publication, distribution, etc. Newbury Park :
Name of publisher, distributor, etc. Sage Publications,
Date of publication, distribution, etc. c1993.
300 ## - PHYSICAL DESCRIPTION
Extent xi, 55 p. :
Other physical details ill. ;
Dimensions 23 cm.
440 #0 - SERIES STATEMENT/ADDED ENTRY--TITLE
Title Notes on nursing theories ;
Volume/sequential designation v. 5
650 #0 - SUBJECT ADDED ENTRY--TOPICAL TERM
Topical term or geographic name entry element Nursing
General subdivision Philosophy.
650 #2 - SUBJECT ADDED ENTRY--TOPICAL TERM
Topical term or geographic name entry element Nursing Care.
650 #2 - SUBJECT ADDED ENTRY--TOPICAL TERM
Topical term or geographic name entry element Nursing Theory.
650 #2 - SUBJECT ADDED ENTRY--TOPICAL TERM
Topical term or geographic name entry element Philosophy, Nursing.
856 42 - ELECTRONIC LOCATION AND ACCESS
Materials specified Publisher description
Uniform Resource Identifier <a href="http://www.loc.gov/catdir/enhancements/fy0655/92049481-d.html">http://www.loc.gov/catdir/enhancements/fy0655/92049481-d.html</a>
856 41 - ELECTRONIC LOCATION AND ACCESS
Materials specified Table of contents only
Uniform Resource Identifier <a href="http://www.loc.gov/catdir/enhancements/fy0655/92049481-t.html">http://www.loc.gov/catdir/enhancements/fy0655/92049481-t.html</a>
942 ## - ADDED ENTRY ELEMENTS (KOHA)
Source of classification or shelving scheme Library of Congress Classification
Koha item type Books
Suppress in OPAC No
999 ## -
-- 7932
-- 7932
Holdings
Withdrawn status Lost status Source of classification or shelving scheme Damaged status Not for loan Collection Home library Current library Shelving location Date acquired Total checkouts Full call number Barcode Date last seen Copy number Price effective from Koha item type
    Library of Congress Classification     Non-fiction Science Library (Miotso) Science Library (Miotso) General stacks 10/30/2025   RT84.5 .B85 BUN SLM00004992 10/30/2025 1 10/30/2025 Books
© 2023-2024 Copyright: Central University Libraries. All Rights Reserved | Created by: Mahone Tech Office